Central Library OPAC University of Rajshahi
Normal view MARC view

Entry Personal Name

Number of records used in: 10

001 - CONTROL NUMBER

  • control field: 11722

003 - CONTROL NUMBER IDENTIFIER

  • control field: BD-RjUL

005 - DATE AND TIME OF LATEST TRANSACTION

  • control field: 20240213121631.0

008 - FIXED-LENGTH DATA ELEMENTS

  • fixed length control field: 240213|| aca||aabn | a|a d

040 ## - CATALOGING SOURCE

  • Original cataloging agency: BD-RjUL
  • Transcribing agency: BD-RjUL

100 ## - HEADING--PERSONAL NAME

  • Personal name: সিদ্দিকী, মাহবুব

670 ## - SOURCE DATA FOUND

  • Source citation: Work cat.: (BD-RjUL)83081: সিদ্দিকী, মাহবুব , অবিভক্ত রাজশাহী জেলা ও বিভাগ গঠন প্রশাসনিক ক্রমবিকাশ /, 2023